Biblioteca

Enciclopedia de la Biblia (Registro nro. 31614)

Detalles MARC
000 -LÍDER
Campo fijo de descripción fija 010500000a22002530004500
001 - NÚMERO DE CONTROL
Campo de control 62
003 - IDENTIFICADOR DEL NÚMERO DE CONTROL
Campo de control CO-MdFUSB
005 - FECHA Y HORA DE LA ULTIMA TRANSACCIÓN
control field 20160513155255.0
008 - ELEMENTOS DE LONGITUD FIJA -- INFORMACIÓN GENERAL
Campo fijo de descripción fija -- Información general 160513t1983 sp ||||f |||| 00| 0 spa d
020 ## - NÚMERO INTERNACIONAL NORMALIZADO PARA LIBROS
Número Internacional Normalizado del libro 84-7151-351-X
040 ## - FUENTE DE CATALOGACIÓN
Agencia de catalogación original CO-MdFUSB
Idioma de catalogación Español
Agencia que realiza la transcripción CO-MdFUSB
Agencia que realiza la modificación CO-MdFUSB
041 0# - CÓDIGO DE IDIOMA
Código de idioma para texto/pista de sonido o título separado spa
082 04 - NÚMERO DE CLASIFICACIÓN DECIMAL DEWEY
Número de clasificación R 220.3 P294e
245 10 - TÍTULO
Título del Material Enciclopedia de la Biblia
Mención de responsabilidad, etc. / Alexander Pat, Director; Pedro Rodríguez Santidrián, Traductor.
264 ## - PRODUCCIÓN, PUBLICACIÓN, DISTRIBUCIÓN, MANUFACTURA, Y COPYRIGHT
Lugar de producción, publicación, distribución, manufactura Navarra, España
Nombre del productor, publicador, distribuidor : Verbo Divino,
Fecha de producción, publicación, distribución, manufactura, o copyright 1983
300 ## - DESCRIPCIÓN FÍSICA
Extensión 326 Pag.
336 ## - TIPO DE CONTENIDO
Fuente rdacontent
Término de tipo de contenido
Código de tipo de contenido
337 ## - TIPO DE MEDIO
Fuente rdamedia
Nombre del tipo de medio
Código del tipo de medio
338 ## - TIPO DE SOPORTE
Fuente rdacarrier
Nombre del tipo de soporte
Código Tipo de soporte
500 ## - NOTA GENERAL
Nota General Título original: The encyclopedia of the Bible.
505 ## - NOTA DE CONTENIDO
Nota de contenido con formato preestablecido 1. El entorno de la Biblia 2. Arqueología y biblia 3. Historia de la biblia 4. Temas y acontecimientos clave de la biblia 5) Religión y culto en la biblia 6. Personajes bíblicos 7. vida doméstica y familiar en la biblia 8. Trabajo y sociedad en la biblia 9. Lugares bíblicos 10. Atlas bíblico
653 ## - TÉRMINO DE INDIZACIÓN - NO CONTROLADO
Término no controlado BIBLIA
-- - USOS Y COSTUMBRES
942 ## - TIPO DE MATERIAL (KOHA)
Tipo de Item KOHA Libros General
Existencias
Estado de Material Estado de Perdido Estado de Dañado No para Préstamo Colección Tomo Biblioteca de Origen Biblioteca Permanente Fecha de Adquisición Total de Préstamos Signatura Topográfica Código de Barras Última vez visto Ejemplar/Existencia Fecha de Remplazo Tipo de Material
        Colección de Referencia   Biblioteca FUSBC Biblioteca FUSBC 24/08/2004   R 220.3 P294e 7880 12/12/2019 1 26/01/2016 Libros de Referencia
        Colección de Referencia   Biblioteca FUSBC Biblioteca FUSBC 24/08/2004   R 220.3 P294e 7881 12/12/2019 2 26/01/2016 Libros de Referencia

Biblioteca FUSBC | Teléfono: (57+4) 349 88 10 Ext. 141| WhatsApp (+57) 3005338115 
E-mail: biblioteca@unisbc.edu.co | Calle 76 87-14 Robledo Palenque, Medellín, Colombia

Con tecnología Koha